تحميل...

Kerala Vol.XXVII Pt.2

التفاصيل البيبلوغرافية
المؤلف الرئيسي: Singh, K S,Ed
التنسيق: Printed Book
منشور في: Anthropological Survey of India: New Delhi 2002
سلاسل:People of India
الموضوعات:
LEADER 00603nam a2200193 4500
020 |a 8185938997  |c 2015 
082 |a R 030 SIN 
100 |a Singh, K S,Ed. 
245 |a Kerala Vol.XXVII Pt.2  |c Singh, K S,Ed. 
250
260 |a Anthropological Survey of India: New Delhi  |c 2002 
300
490 |a People of India 
500
590 |a Quality Sales& Services  |b 707;27/01/04 
650 |a Dictionary--Encyclopaedia--Handbook 
942 |c BK 
999 |c 137754  |d 137754 
952 |0 0  |1 0  |4 0  |6 R_030_000000000000000_SIN  |7 0  |9 151214  |a IMK  |b IMK  |g 2015.00  |l 0  |o R 030 SIN  |p IMK04760  |r 2019-10-25  |w 2019-10-25  |y BK